000 01523nam a2200421 a 4500
001 000112265
003 CHAP
005 20221025122311.0
008 160120s2016 mx a fsm |||||||spa d
010 _a108726
011 _a109698
040 _cCHAP
090 _aTesis
100 1 _aCosmes Martínez, Talicia
_9130675
245 1 0 _aPropuesta técnica-económica para el revestimiento del canal principal San Lorenzo, Tramo 15+240 a 16+600, D.R. 029 Xicoténcatl, Tamaulipas /
_h[En línea]
_cpor Talicia Cosmes Martínez.
260 _aChapingo, Méx. :
_bEl autor.
_c2016
500 _aPara ver el contenido del material haga clic en la liga
502 _aTesis (Ing. en Irrigación) -- UACH. Departamento de Irrigación
590 _aE11695DGD
_b10
_c20160315
590 _aE11695DGD
_b10
_c20160315
590 _aE11695DGD
_b10
_c20160315
590 _aE11695DGD
_b10
_c20160315
590 _aE5995AHE
_b05
_c20160120
590 _aE5995AHE
_b05
_c20160310
590 _aE5995AHE
_b05
_c20160311
590 _aE5995AHE
_b05
_c20160311
590 _aE5995AHE
_b05
_c20160311
590 _aE5995AHE
_b05
_c20160311
650 1 4 _aAnálisis de costos y beneficio
_95966
650 1 4 _aCanales (Ingeniería hidráulica)
_9124714
650 1 4 _aCanales
_xTamaulipas.
_918272
650 1 4 _aDiseño en ingeniería.
_932730
650 1 4 _aRecubrimiento para canales.
_995020
856 _aFinding aid
_uhttp://10.13.5.2/tesis/sist112265.pdf
_zTeclea aquí
901 _aBK
942 _cTESIS
_2ddc
942 _n0
_2ddc
999 _c108726
_d108726